000 00590nam a2200229Ia 4500
005 20250425161812.0
008 250425s9999 xx 000 0 und d
041 _aspa
082 _a005.43
100 _aSOFTWARE, PERSONAL COMPUTER
245 0 _aDISK OPERATING SYSTEM VER.3.0
250 _a1A ED.
260 _aEstados Unidos
_bIBM
_c1985
260 _aFLORIDA CITY
_bINTERNATIONAL BUSINESSMACHINES CORPORATION
300 _a150
500 _aCONTIENE 2 DISQUETE
650 _aMICROPROCESADORES
650 _aPROGRAMACION
710 _aIBM
942 _c01
010 _a30279
999 _c216420
_d216420